000 00300nam a2200097Ia 4500
008 220120s9999||||xx |||||||||||||| ||und||
100 _aAkshya Ponnappa
_912129
245 0 _aDigital plus compression
260 _aCoorg Institute of Technology
_bPonnampet
_c2008
650 _aELECTRONICS AND COMMUNICATIONS
999 _c137714
_d137714